000 00321 a2200133 4500
000 nam a22 7a 4500
100 _aRamdas, Rupavath
110 _aRamdas, Rupavath
245 _aPolitics of Education in India
250 _alatest edition
260 _bRoutledge
_c2026
264 _bRoutledge
_c2026
942 _cBK
999 _c395175
_d395175